Obsah a didaktika výchovy k tvořivosti

Bibliographic Details
Main Author: Beneš, Jiří, 1926-2004 (Author)
Format: Article
Language:Slovak
Czech
Subjects:

MARC

LEADER 00000nab a2200000 a 4500
001 vtls000203723
003 SK-MaSNL
005 20260305001154.0
008 250422c1984 xo 0 slo
015 |a SNBRB19rr/mm-uuuuu 
035 |a CL0213836 
035 |a urn:nbn:sk:snk-abbedo 
035 |a (urnnbn)urn:nbn:sk:snk:ar-00596k 
035 |a (uuid)4bbafd39-a9f0-47e0-87de-5494ca75e99b 
040 |a SNKBUCL  |b slo  |c SNKBUCL  |e AACR2 
041 0 |a cze 
044 |a xo  |c SK 
080 |a 37.03:37.026  |2 1981 
080 |a 37.026  |2 1981 
100 1 |a Beneš, Jiří,  |d 1926-2004  |4 aut  |9 261604 
245 1 0 |a Obsah a didaktika výchovy k tvořivosti  |c Jiří Beneš 
650 0 7 |a výchova k tvorivosti  |2 snkbucl  |9 861180 
655 7 |a články z novín a časopisov  |2 snkbucl  |9 267496 
773 0 |t Technická práca  |g Roč. 36, č. 12 (1984), s. 14-15 
850 |a Slovenská národná knižnica 
852 |a Slovenská národná knižnica 
958 |a article15 
958 |a OND 
958 |a RK 
958 |a CZ 
958 |a EUIPO 
992 |a RBX 
999 |c 3217849  |d 3219779